000 00647cam a2200145 4500500
005 20260208005950.0
041 _afre
042 _adc
100 1 0 _aCharles, Shelly
_eauthor
245 0 0 _aNICOLAS FRANÇOIS DE NEUFCHÂTEAU, Paméla, ou La Vertu récompensée. Édition critique par Martial Poirson. SVEC 2007 : 04, Voltaire Foundation, Oxford, 2007. Un vol. de 264 p.
260 _c2009.
500 _a43
786 0 _nRevue d'histoire littéraire de la France | 109 | 2 | 2009-06-05 | p. 449l-482l | 0035-2411
856 4 1 _uhttps://shs.cairn.info/revue-d-histoire-litteraire-de-la-france-2009-2-page-449l?lang=fr&redirect-ssocas=7080
999 _c1654606
_d1654606